Statistiken für Länder, die einen Buchstaben enthalten - R

Klicken Sie hier um das Quiz zu spielen!

Allgemein

  • Dieses Quiz wurde 500 mal gespielt
  • Das Durchschnittsergebnis liegt bei 69 aus 91

Antwortstatistiken

HinweisLand% Korrekt
1 x RRussland
98%
2 x RVereinigtes Königreich
94%
2 x RFrankreich
92%
1 x RArgentinien
91%
1 x RBrasilien
91%
1 x RSüdafrika
91%
1 x RVereinigte Staaten
91%
1 x RAustralien
90%
1 x RRuanda
90%
1 x RPortugal
89%
1 x RRumänien
89%
1 x RNorwegen
88%
1 x RGriechenland
87%
1 x RIrland
87%
1 x RKroatien
87%
2 x RNordkorea
87%
1 x RMarokko
85%
1 x RPeru
85%
3 x RVereinigte Arabische Emirate
85%
2 x RAndorra
84%
1 x RArmenien
84%
1 x RNiederlande
84%
2 x RÖsterreich
84%
1 x RSerbien
84%
1 x RSüdkorea
84%
1 x RTürkei
84%
1 x RAlgerien
83%
1 x RIran
83%
1 x RIsrael
83%
1 x RIrak
82%
1 x RNiger
82%
1 x RTurkmenistan
82%
1 x RDominikanische Republik
81%
1 x RDänemark
80%
1 x RNigeria
80%
1 x RUruguay
80%
1 x RBulgarien
78%
1 x RHonduras
78%
1 x RJordanien
78%
1 x RKirgisistan
78%
1 x RParaguay
78%
1 x RUkraine
78%
2 x RDemokratische Republik Kongo
77%
1 x RRepublik Kongo
77%
1 x RUngarn
77%
1 x RBelarus
76%
1 x RSaudi-Arabien
76%
1 x RSyrien
76%
3 x RZentralafrikanische Republik
76%
1 x RAserbaidschan
75%
1 x RZypern
75%
2 x REritrea
74%
1 x RNicaragua
74%
3 x RFöderierte Staaten von Mikronesien
73%
1 x RSan Marino
73%
1 x RTrinidad und Tobago
73%
1 x RBahrain
72%
1 x RBarbados
72%
1 x RKatar
72%
1 x RMauretanien
72%
1 x RBrunei
71%
1 x RCosta Rica
71%
1 x RGeorgien
71%
1 x RGrenada
71%
1 x RKamerun
71%
1 x RMadagaskar
70%
1 x REcuador
69%
1 x RLuxemburg
69%
1 x RNordmazedonien
69%
1 x RSri Lanka
69%
1 x RBosnien und Herzegowina
68%
1 x RMauritius
68%
1 x RBurundi
67%
2 x RSierra Leone
67%
1 x RSuriname
67%
1 x RMontenegro
66%
1 x RBurkina Faso
65%
1 x RMarshallinseln
65%
1 x RKap Verde
64%
1 x RSt. Vincent und die Grenadinen
64%
1 x RKomoren
63%
1 x RAntigua und Barbuda
62%
1 x RMyanmar
62%
1 x ROsttimor
62%
1 x RÄquatorial-Guinea
60%
1 x RKiribati
58%
1 x RLiberia
58%
1 x RSingapur
58%
1 x REl Salvador
57%
1 x RNauru
51%
1 x RSão Tomé und Príncipe
48%

Verteilung der Resultate

Perzentil nach korrekt beantworteten Fragen

Anzahl Personen mit jedem Resultat

Ihre Resultats-Entwicklung

Sie haben dieses Quiz noch nicht gespielt